Vở bài tập đạo đức 2
Thông qua các mẫu chuyện sách dạy học sinh cách làm người. Dạy học sinh tinh thần trách nhiệm, rèn luyện ý chí, hiếu thảo với ông bà và cha mẹ, kính trọng người lớn, qúy tình bạn và phải biết yêu quê hương và đất nước....
Zapisane w:
| 1. autor: | |
|---|---|
| Format: | Książka |
| Język: | Undetermined |
| Wydane: |
Hà Nội
Giáo dục Việt Nam
2016
|
| Hasła przedmiotowe: | |
| Etykiety: |
Dodaj etykietę
Nie ma etykietki, Dołącz pierwszą etykiete!
|
| Thư viện lưu trữ: | Trung tâm Học liệu Trường Đại học Cần Thơ |
|---|
| LEADER | 00980nam a2200217Ia 4500 | ||
|---|---|---|---|
| 001 | CTU_215982 | ||
| 008 | 210402s9999 xx 000 0 und d | ||
| 020 | |c 4500 | ||
| 082 | |a 372.83076 | ||
| 082 | |b Th523 | ||
| 100 | |a Lưu, Thu Thuỷ | ||
| 245 | 0 | |a Vở bài tập đạo đức 2 | |
| 245 | 0 | |c Lưu Thu Thủy (Chủ Biên) | |
| 260 | |a Hà Nội | ||
| 260 | |b Giáo dục Việt Nam | ||
| 260 | |c 2016 | ||
| 520 | |a Thông qua các mẫu chuyện sách dạy học sinh cách làm người. Dạy học sinh tinh thần trách nhiệm, rèn luyện ý chí, hiếu thảo với ông bà và cha mẹ, kính trọng người lớn, qúy tình bạn và phải biết yêu quê hương và đất nước. | ||
| 650 | |a Ethics,Đạo đức | ||
| 650 | |x Study and teaching (Elementary),Dạy và học (Tiểu học) | ||
| 904 | |i Hải | ||
| 980 | |a Trung tâm Học liệu Trường Đại học Cần Thơ | ||